Catálogo

La divulgación de la ciencia como literatura / (Registro nro. 58060)

Detalles MARC
000 -LEADER
fixed length control field 00913nam a2200277 a 4500
001 - CONTROL NUMBER
control field 58060
005 - DATE AND TIME OF LATEST TRANSACTION
control field 20191004131953.0
008 - FIXED-LENGTH DATA ELEMENTS--GENERAL INFORMATION
fixed length control field 140415s1998 mx r 000 0 spa d
020 ## - INTERNATIONAL STANDARD BOOK NUMBER
International Standard Book Number 9683671454
040 ## - CATALOGING SOURCE
Original cataloging agency MX-PuUPA
Language of cataloging spa
Description conventions rda
Transcribing agency Mx-PuUPA
Modifying agency Mx-PuUPA
041 ## - LANGUAGE CODE
Language code of text/sound track or separate title spa
082 0# - DEWEY DECIMAL CLASSIFICATION NUMBER
Classification number 500
Item number SAN
100 1# - MAIN ENTRY--PERSONAL NAME
Personal name Sánchez, Ana María,
Relator term autor
245 13 - TITLE STATEMENT
Title La divulgación de la ciencia como literatura /
Statement of responsibility, etc. Ana María Sánchez Mora.
250 ## - EDITION STATEMENT
Edition statement Primera edición
264 #1 - PRODUCTION, PUBLICATION, DISTRIBUTION, MANUFACTURE, AND COPYRIGHT NOTICE
Place of production, publication, distribution, manufacture México, D.F. :
Name of producer, publisher, distributor, manufacturer Dirección General de Divulgación de la Ciencia, UNAM,
Date of production, publication, distribution, manufacture, or copyright notice 1998
300 ## - PHYSICAL DESCRIPTION
Extent 178 páginas ;
Dimensions 22 cm.
336 ## - CONTENT TYPE
Content type term texto
Source rdacontent
337 ## - MEDIA TYPE
Media type term sin mediación
Source rdamedia
338 ## - CARRIER TYPE
Carrier type term volumen
Source rdacarrier
490 0# - SERIES STATEMENT
Series statement Divulgación para divulgadores
650 #4 - SUBJECT ADDED ENTRY--TOPICAL TERM
Topical term or geographic name entry element Ciencia
General subdivision Difusión
650 #4 - SUBJECT ADDED ENTRY--TOPICAL TERM
Topical term or geographic name entry element Ciencia
General subdivision Historia
650 #4 - SUBJECT ADDED ENTRY--TOPICAL TERM
Topical term or geographic name entry element Formas literarias
General subdivision Teoría
942 ## - ADDED ENTRY ELEMENTS (KOHA)
Classification part 500
Item part SAN
Koha item type Libro
Existencias
Withdrawn status Lost status Source of classification or shelving scheme Damaged status Not for loan Collection code Home library Current library Shelving location Date acquired Source of acquisition Inventory number Total Checkouts Full call number Barcode Date last seen Price effective from Koha item type
    Dewey Decimal Classification     General Biblioteca Karol Wojtyla Biblioteca Karol Wojtyla Sala general 12/07/2017 Compra 151000000000000000042607   500 SAN 1998 95336 05/01/2026 12/07/2017 Libro